LIBRARY & INFORMATION CENTRE, KCAET, TAVANUR

ONLINE PUBLIC ACCESS CATALOGUE (OPAC)

Soil microbiology / (Record no. 13146)

MARC details
000 -LEADER
fixed length control field 00432cam a2200169ua 4500
041 ## - LANGUAGE CODE
Language code of text/sound track or separate title eng
082 ## - DEWEY DECIMAL CLASSIFICATION NUMBER
Classification number 631.46
Item number THA/SO
100 ## - MAIN ENTRY--AUTHOR NAME
Personal name Thakore, Sanat .
245 ## - TITLE STATEMENT
Title Soil microbiology /
260 ## - PUBLICATION, DISTRIBUTION, ETC. (IMPRINT)
Place of publication New Delhi :
Name of publisher Dominant Publishers and Distributors ,
Year of publication 2008.
300 ## - PHYSICAL DESCRIPTION
Number of Pages 328 ; .
942 ## - ADDED ENTRY ELEMENTS (KOHA)
Koha item type Books
Holdings
Withdrawn status Lost status Damaged status Home library Current library Date acquired Full call number Accession Number Koha item type
      KAUAET KAUAET 07/04/2012 631.46 21603 Books
free website counter